[Event "CYCC U10"]
[Site "Vancouver CAN"]
[Date "2012.07.04"]
[Round "5"]
[White "Chertkow, Matthew"]
[Black "Zhang, Zhehai"]
[Result "0-1"]
[WhiteElo "868"]
[BlackElo "1301"]
[PlyCount "142"]
[GameId "2160767909508541"]
[EventDate "2012.07.03"]
[EventType "swiss"]
[EventRounds "7"]
[EventCountry "CAN"]
[SourceTitle "EXT 2022"]
[Source "ChessBase"]
[SourceDate "2021.10.06"]
[SourceVersion "1"]
[SourceVersionDate "2021.10.06"]
[SourceQuality "1"]

1. e4 c5 2. Nf3 Nc6 3. Bc4 e6 4. Nc3 Nf6 5. d3 Be7 6. Bf4 O-O 7. O-O d5 8. Bb5 Qb6 9. a4 a6 10. Bxc6 Qxc6 11. e5 Nd7 12. Ng5 Nxe5 13. Bxe5 Bxg5 14. Nb5 Bd7 15. h4 Be7 16. Qg4 f6 17. Bf4 axb5 18. Bh6 Rf7 19. axb5 Qc8 20. b6 f5 21. Qg3 Kh8 22. Bf4 Bf6 23. c3 Rxa1 24. Rxa1 Rf8 25. Bd6 Re8 26. d4 cxd4 27. cxd4 Bxd4 28. h5 Bxb2 29. Be5 Bxe5 30. Qxe5 h6 31. Ra7 Bc6 32. Ra3 Qd8 33. Rg3 Qf6 34. Qd6 e5 35. Qb4 e4 36. f4 exf3 37. Rxf3 d4 38. Rg3 Qe5 39. Qb3 Qd5 40. Qxd5 Bxd5 41. Rd3 Re4 42. Kf2 Kg8 43. g3 Kf7 44. Rd1 Kf6 45. Rc1 d3 46. Kf1 d2 47. Rd1 Re1+ 48. Rxe1 dxe1=Q+ 49. Kxe1 Kg5 50. Kf2 Kxh5 51. Ke3 Kg4 52. Kf2 g6 53. Ke3 Kxg3 54. Kd4 Bc6 55. Kc5 f4 56. Kd4 f3 57. Ke3 f2 58. Ke2 Kg2 59. Ke3 f1=Q 60. Kd4 Qf4+ 61. Kc5 Qd2 62. Kc4 Qd5+ 63. Kc3 Kf3 64. Kc2 Qd4 65. Kb3 Qc5 66. Kb2 Ke2 67. Kb3 Kd3 68. Kb2 Qc3+ 69. Kb1 Qd2 70. Ka1 Kc3 71. Kb1 Qb2# 0-1

[Event "CYCC U10"]
[Site "Vancouver CAN"]
[Date "2012.07.04"]
[Round "5"]
[White "Hua, Eugene"]
[Black "Taylor, Ashton"]
[Result "1-0"]
[WhiteElo "810"]
[BlackElo "806"]
[PlyCount "47"]
[GameId "2160767909508542"]
[EventDate "2012.07.03"]
[EventType "swiss"]
[EventRounds "7"]
[EventCountry "CAN"]
[SourceTitle "EXT 2022"]
[Source "ChessBase"]
[SourceDate "2021.10.06"]
[SourceVersion "1"]
[SourceVersionDate "2021.10.06"]
[SourceQuality "1"]

1. e4 b6 2. Nc3 Bb7 3. Nf3 e6 4. Be2 Bc5 5. d4 Bb4 6. Bd2 d5 7. exd5 exd5 8. a3 Bxc3 9. Bxc3 Nf6 10. O-O O-O 11. Re1 Ne4 12. Bd2 Na6 13. Rc1 c5 14. c3 g5 15. Bd3 c4 16. Bxe4 dxe4 17. Nxg5 h6 18. Nxe4 Bxe4 19. Rxe4 Qd5 20. Rg4+ Kh7 21. Rh4 Nc7 22. Rxh6+ Kg8 23. Qg4+ Qg5 24. Qxg5# 1-0

[Event "CYCC U10"]
[Site "Vancouver CAN"]
[Date "2012.07.04"]
[Round "5"]
[White "Rapin, Oliver"]
[Black "Eirew, Milo"]
[Result "0-1"]
[WhiteElo "641"]
[BlackElo "571"]
[PlyCount "44"]
[GameId "2160767909508543"]
[EventDate "2012.07.03"]
[EventType "swiss"]
[EventRounds "7"]
[EventCountry "CAN"]
[SourceTitle "EXT 2022"]
[Source "ChessBase"]
[SourceDate "2021.10.06"]
[SourceVersion "1"]
[SourceVersionDate "2021.10.06"]
[SourceQuality "1"]

1. e4 e5 2. d4 exd4 3. Qxd4 c5 4. Qd1 Qh4 5. g3 Qxe4+ 6. Ne2 Qxh1 7. b3 Be7 8. Bb2 d6 9. Bxg7 Bh3 10. Bxh8 Nf6 11. Bxf6 Bxf6 12. c3 Bg5 13. Nf4 Nc6 14. Qxd6 Rd8 15. Qc7 Rd7 16. Qc8+ Nd8 17. Na3 Re7+ 18. Ne6 Rxe6+ 19. Kd1 Rd6+ 20. Ke1 Bxc8 21. Rd1 Bh3 22. Rxd6 Qxf1# 0-1

[Event "CYCC U10"]
[Site "Vancouver CAN"]
[Date "2012.07.04"]
[Round "5"]
[White "Surya, Benito"]
[Black "Zhang, Clark"]
[Result "1/2-1/2"]
[WhiteElo "892"]
[BlackElo "1013"]
[PlyCount "67"]
[GameId "2160767909508544"]
[EventDate "2012.07.03"]
[EventType "swiss"]
[EventRounds "7"]
[EventCountry "CAN"]
[SourceTitle "EXT 2022"]
[Source "ChessBase"]
[SourceDate "2021.10.06"]
[SourceVersion "1"]
[SourceVersionDate "2021.10.06"]
[SourceQuality "1"]

1. d4 d5 2. Nf3 Nf6 3. Bf4 Bf5 4. e3 a6 5. c3 Nc6 6. Nbd2 e6 7. Ne5 Nxe5 8. dxe5 Nd7 9. h3 Nb6 10. g4 Bg6 11. h4 Be4 12. Nxe4 dxe4 13. g5 h5 14. Be2 Qxd1+ 15. Rxd1 Bc5 16. b4 Be7 17. a3 O-O 18. Bxh5 g6 19. Be2 Na4 20. c4 Nc3 21. Rd2 Nb1 22. Ra2 Nxa3 23. c5 Nb5 24. h5 Nc3 25. Rc2 Nxe2 26. Kxe2 Kg7 27. h6+ Kh7 28. f3 exf3+ 29. Kxf3 b6 30. cxb6 cxb6 31. Rb2 a5 32. bxa5 bxa5 33. Ra2 a4 34. Rha1 1/2-1/2

[Event "CYCC U10"]
[Site "Vancouver CAN"]
[Date "2012.07.05"]
[Round "5"]
[White "Butchart, Brian"]
[Black "Pulfer, Luke"]
[Result "0-1"]
[WhiteElo "649"]
[BlackElo "1667"]
[PlyCount "102"]
[GameId "2160767909508545"]
[EventDate "2012.07.03"]
[EventType "swiss"]
[EventRounds "7"]
[EventCountry "CAN"]
[SourceTitle "EXT 2022"]
[Source "ChessBase"]
[SourceDate "2021.10.06"]
[SourceVersion "1"]
[SourceVersionDate "2021.10.06"]
[SourceQuality "1"]

1. d4 d5 2. Nf3 Nf6 3. e3 e6 4. Bd3 Be7 5. b3 O-O 6. Bb2 b6 7. O-O Bb7 8. Nbd2 c5 9. Ne5 Nbd7 10. f4 Ne4 11. Bb5 Ndf6 12. Bd3 a6 13. c4 Nd7 14. Nxe4 dxe4 15. Bc2 f5 16. dxc5 Nxe5 17. Bxe5 Bxc5 18. Qe2 Qe7 19. a3 a5 20. Bb2 Rad8 21. Rad1 Bxa3 22. Bxa3 Qxa3 23. Qh5 Qe7 24. Qe2 Rxd1 25. Rxd1 Rd8 26. Rb1 Qb4 27. Qh5 Qd2 28. Rd1 Qxe3+ 29. Kh1 Rxd1+ 30. Qxd1 Qxf4 31. Qd8+ Kf7 32. Qd7+ Kf6 33. Kg1 Qc1+ 34. Qd1 Qxd1+ 35. Bxd1 Ke5 36. Kf2 e3+ 37. Kxe3 Bxg2 38. h4 Bh3 39. Bf3 f4+ 40. Ke2 Kd4 41. Kd2 Bf5 42. Ke2 e5 43. Kd2 e4 44. Bg2 e3+ 45. Ke2 Be4 46. Bxe4 Kxe4 47. h5 f3+ 48. Kf1 e2+ 49. Kf2 Kd3 50. Ke1 Ke3 51. h6 f2# 0-1

[Event "CYCC U10"]
[Site "Vancouver CAN"]
[Date "2012.07.05"]
[Round "5"]
[White "Doknjas, Joshua"]
[Black "Su, Michael"]
[Result "1-0"]
[WhiteElo "1628"]
[BlackElo "1468"]
[PlyCount "97"]
[GameId "2160767909508546"]
[EventDate "2012.07.03"]
[EventType "swiss"]
[EventRounds "7"]
[EventCountry "CAN"]
[SourceTitle "EXT 2022"]
[Source "ChessBase"]
[SourceDate "2021.10.06"]
[SourceVersion "1"]
[SourceVersionDate "2021.10.06"]
[SourceQuality "1"]

1. e4 e6 2. d4 d5 3. Nc3 Nf6 4. Bg5 Be7 5. e5 Nfd7 6. Bxe7 Qxe7 7. f4 O-O 8. Nf3 c5 9. Nb5 Nc6 10. Bd3 f6 11. g3 c4 12. Bf1 Qb4+ 13. Nc3 Qxb2 14. Kd2 a6 15. Bh3 f5 16. Rg1 Ne7 17. Ng5 Qb6 18. Ke3 Qc6 19. a4 Rb8 20. g4 b5 21. gxf5 Nxf5+ 22. Bxf5 Rxf5 23. Qg4 Nxe5 24. fxe5 Qd7 25. axb5 axb5 26. Nxe6 Rf7 27. Qxg7+ Rxg7 28. Rxg7+ Qxg7 29. Nxg7 Kxg7 30. Nxd5 Be6 31. Ra7+ Kg6 32. Nf4+ Kf5 33. Nxe6 Kxe6 34. Rxh7 b4 35. Ra7 b3 36. cxb3 cxb3 37. Ra1 Rh8 38. Ke4 Rxh2 39. d5+ Ke7 40. Ra7+ Ke8 41. Rb7 Rb2 42. Kf5 Rb1 43. Ke6 Kf8 44. Rb8+ Kg7 45. d6 b2 46. d7 Ra1 47. d8=Q b1=Q 48. Qf6+ Kh7 49. Rh8# 1-0

[Event "CYCC U10"]
[Site "Vancouver CAN"]
[Date "2012.07.05"]
[Round "5"]
[White "Guo, Thomas"]
[Black "Geng, Matthew"]
[Result "1-0"]
[WhiteElo "1334"]
[BlackElo "1187"]
[PlyCount "39"]
[GameId "2160767909508547"]
[EventDate "2012.07.03"]
[EventType "swiss"]
[EventRounds "7"]
[EventCountry "CAN"]
[SourceTitle "EXT 2022"]
[Source "ChessBase"]
[SourceDate "2021.10.06"]
[SourceVersion "1"]
[SourceVersionDate "2021.10.06"]
[SourceQuality "1"]

1. e4 e6 2. d4 d5 3. Nc3 Bb4 4. e5 Ne7 5. Qg4 Bxc3+ 6. bxc3 Ng6 7. Rb1 Nd7 8. Bd3 O-O 9. Nf3 c5 10. h4 cxd4 11. cxd4 f5 12. Qg3 Qa5+ 13. Bd2 Qd8 14. h5 Nh8 15. Rh3 Nb6 16. Bg5 Qc7 17. Bf6 h6 18. Ke2 Nc4 19. Rg1 Qa5 20. Qxg7# 1-0

[Event "CYCC U10"]
[Site "Vancouver CAN"]
[Date "2012.07.05"]
[Round "5"]
[White "Jiang, Jerry"]
[Black "Zhou, Felix"]
[Result "0-1"]
[WhiteElo "416"]
[BlackElo "671"]
[PlyCount "56"]
[GameId "2160767909508548"]
[EventDate "2012.07.03"]
[EventType "swiss"]
[EventRounds "7"]
[EventCountry "CAN"]
[SourceTitle "EXT 2022"]
[Source "ChessBase"]
[SourceDate "2021.10.06"]
[SourceVersion "1"]
[SourceVersionDate "2021.10.06"]
[SourceQuality "1"]

1. e4 c5 2. Nf3 Nc6 3. d3 e6 4. Bd2 d5 5. exd5 exd5 6. Bg5 Nf6 7. Be2 Be6 8. O-O Be7 9. Bxf6 Bxf6 10. Nbd2 Qd7 11. Re1 O-O 12. b3 Bxa1 13. Qxa1 Ne7 14. Nf1 Ng6 15. Ng3 Bh3 16. Nh5 f6 17. gxh3 Qxh3 18. Ng5 Qh4 19. Ne6 Rf7 20. Bf3 Re8 21. Qd1 Rfe7 22. Bg4 Ne5 23. Bf5 g6 24. Ng3 gxf5 25. Nxf5 Qh3 26. Nxe7+ Rxe7 27. Nxc5 Nf3+ 28. Qxf3 Rxe1# 0-1

[Event "CYCC U10"]
[Site "Vancouver CAN"]
[Date "2012.07.05"]
[Round "5"]
[White "Jing, Ryan"]
[Black "Chung, Alec"]
[Result "0-1"]
[WhiteElo "913"]
[BlackElo "663"]
[PlyCount "114"]
[GameId "2160767909508549"]
[EventDate "2012.07.03"]
[EventType "swiss"]
[EventRounds "7"]
[EventCountry "CAN"]
[SourceTitle "EXT 2022"]
[Source "ChessBase"]
[SourceDate "2021.10.06"]
[SourceVersion "1"]
[SourceVersionDate "2021.10.06"]
[SourceQuality "1"]

1. e4 c5 2. Nf3 e6 3. Nc3 a6 4. Bc4 b5 5. Bb3 c4 6. Bxc4 bxc4 7. d3 cxd3 8. Qxd3 Nc6 9. O-O Be7 10. Bf4 d6 11. e5 d5 12. Rad1 Bb7 13. Rfe1 Rc8 14. h3 f6 15. a3 fxe5 16. Nxe5 Nf6 17. Nxc6 Rxc6 18. Qe2 O-O 19. Rd3 Qd7 20. Bg5 h6 21. Bh4 d4 22. Bxf6 Bxf6 23. Ne4 e5 24. Nxf6+ Rfxf6 25. Qxe5 Rxc2 26. Rxd4 Qc6 27. Rd8+ Kh7 28. f3 Qb6+ 29. Qe3 Qxe3+ 30. Rxe3 Rxb2 31. Ree8 Rb1+ 32. Kh2 Rb2 33. Kg1 Rc6 34. h4 Rc1+ 35. Kh2 Bxf3 36. Rh8+ Kg6 37. Rd6+ Kh5 38. Kg3 Bxg2 39. Re6 Rc3+ 40. Kf4 Rf2+ 41. Ke5 Re3+ 42. Kd6 Rxe6+ 43. Kxe6 Kxh4 44. Ra8 Bxa8 45. Ke5 g5 46. a4 g4 47. a5 g3 48. Kd4 g2 49. Ke3 Kg3 50. Kd3 g1=R 51. Ke3 Re1+ 52. Kd3 Re8 53. Kd4 Rd2+ 54. Kc5 Rc8+ 55. Kb6 Rb2+ 56. Ka7 Rb7+ 57. Kxa6 Rc6# 0-1

[Event "CYCC U10"]
[Site "Vancouver CAN"]
[Date "2012.07.05"]
[Round "5"]
[White "Low, Ethan"]
[Black "Smith, Alexei"]
[Result "1-0"]
[WhiteElo "843"]
[BlackElo "502"]
[PlyCount "81"]
[GameId "2160767909508550"]
[EventDate "2012.07.03"]
[EventType "swiss"]
[EventRounds "7"]
[EventCountry "CAN"]
[SourceTitle "EXT 2022"]
[Source "ChessBase"]
[SourceDate "2021.10.06"]
[SourceVersion "1"]
[SourceVersionDate "2021.10.06"]
[SourceQuality "1"]

1. d4 d5 2. Bf4 Nc6 3. e3 Nf6 4. c3 Bf5 5. f3 e6 6. c4 Bb4+ 7. Nc3 O-O 8. a3 Bxc3+ 9. bxc3 Qe8 10. Bxc7 Qe7 11. Be5 Nxe5 12. dxe5 Nd7 13. cxd5 exd5 14. Qxd5 Rad8 15. Qxb7 Qc5 16. Ne2 Ra8 17. c4 Rfb8 18. Qa6 Be6 19. Qd6 Qxc4 20. Qd4 Qxd4 21. exd4 Bc4 22. f4 Rb2 23. Rc1 Nb6 24. Ng3 Bxf1 25. Rxf1 Rc8 26. Rxc8+ Nxc8 27. Rf2 Rb1+ 28. Ke2 Nb6 29. Rf3 Nc4 30. Rc3 Nb6 31. d5 Rb2+ 32. Kf3 g6 33. d6 f6 34. f5 gxf5 35. Nxf5 Nd5 36. Rc8+ Kf7 37. d7 Rb3+ 38. Kg4 Ne3+ 39. Nxe3 Rxe3 40. d8=Q Kg6 41. Qxf6# 1-0

[Event "CYCC U10"]
[Site "Vancouver CAN"]
[Date "2012.07.05"]
[Round "5"]
[White "Luan, Zhen Shu"]
[Black "Ju, Lawrence"]
[Result "0-1"]
[WhiteElo "959"]
[BlackElo "1108"]
[PlyCount "104"]
[GameId "2160767909508551"]
[EventDate "2012.07.03"]
[EventType "swiss"]
[EventRounds "7"]
[EventCountry "CAN"]
[SourceTitle "EXT 2022"]
[Source "ChessBase"]
[SourceDate "2021.10.06"]
[SourceVersion "1"]
[SourceVersionDate "2021.10.06"]
[SourceQuality "1"]

1. e4 e5 2. d4 exd4 3. c3 dxc3 4. Bc4 Bc5 5. Nxc3 Nc6 6. Qf3 Nf6 7. Nge2 Ne5 8. Qf5 d5 9. Qxe5+ Be7 10. exd5 O-O 11. O-O Bd6 12. Qd4 Bf5 13. Bf4 c5 14. Qd2 Re8 15. Bxd6 Qxd6 16. Qf4 Qd7 17. Ng3 Bg6 18. h3 Re7 19. Bb5 Qd8 20. Rfe1 Rxe1+ 21. Rxe1 Nxd5 22. Nxd5 Qxd5 23. Qe3 f6 24. b3 Kh8 25. Bc4 Qd7 26. Qe6 Qd2 27. h4 h5 28. Nf5 Bxf5 29. Qxf5 Qxe1+ 30. Kh2 Qe5+ 31. Qxe5 fxe5 32. Be2 g6 33. Bf3 Rb8 34. Kg1 b6 35. Kf1 Kg7 36. Ke2 Rd8 37. g4 hxg4 38. Bxg4 Rd4 39. f3 Kf6 40. h5 gxh5 41. Bxh5 Ke6 42. Bg4+ Kd5 43. Bf5 a5 44. Be4+ Rxe4+ 45. fxe4+ Kxe4 46. Kd2 Kf3 47. Kd3 e4+ 48. Kc4 e3 49. Kb5 e2 50. Kxb6 e1=Q 51. Kxc5 Qb4+ 52. Kc6 Ke4 0-1

[Event "CYCC U10"]
[Site "Vancouver CAN"]
[Date "2012.07.05"]
[Round "5"]
[White "Ming, Wenyang"]
[Black "Zhao, Yue Tong (Davy)"]
[Result "1-0"]
[WhiteElo "1678"]
[BlackElo "1789"]
[PlyCount "71"]
[GameId "2160767909508552"]
[EventDate "2012.07.03"]
[EventType "swiss"]
[EventRounds "7"]
[EventCountry "CAN"]

1. b3 d5 2. Bb2 Nf6 3. e3 Bf5 4. d3 e6 5. Nf3 Bd6 6. Nbd2 O-O 7. Be2 Nbd7 8. O-O c5 9. c4 a6 10. Nh4 Bxh2+ 11. Kxh2 Ng4+ 12. Bxg4 Qxh4+ 13. Bh3 g5 14. g4 Bxd3 15. Nf3 Qh6 16. Qxd3 f5 17. Kg2 d4 18. Rh1 Nf6 19. Ne5 dxe3 20. Qxe3 f4 21. Qxc5 Rac8 22. Qe7 Rce8 23. Qxb7 Rd8 24. Rad1 Rb8 25. Qc6 Rbe8 26. Rd6 Rc8 27. Qxa6 Ra8 28. Qc6 Rac8 29. Qb6 Rb8 30. Qd4 Rb7 31. Rxe6 Rg7 32. Nd7 Rff7 33. Nxf6+ Rxf6 34. Rxf6 Rg6 35. Qd8+ Kg7 36. Qf8# 1-0

[Event "CYCC U10"]
[Site "Vancouver CAN"]
[Date "2012.07.05"]
[Round "5"]
[White "Novakovic, David"]
[Black "Ghodsi, Soroush"]
[Result "1-0"]
[WhiteElo "767"]
[BlackElo "960"]
[PlyCount "99"]
[GameId "2160767909508553"]
[EventDate "2012.07.03"]
[EventType "swiss"]
[EventRounds "7"]
[EventCountry "CAN"]
[SourceTitle "EXT 2022"]
[Source "ChessBase"]
[SourceDate "2021.10.06"]
[SourceVersion "1"]
[SourceVersionDate "2021.10.06"]
[SourceQuality "1"]

1. e4 Nf6 2. e5 Nd5 3. Nf3 d6 4. exd6 cxd6 5. Bb5+ Nc6 6. O-O a6 7. Bc4 Nb6 8. Bb3 Na5 9. c3 Nxb3 10. Qxb3 e5 11. d3 Be6 12. Qd1 Qf6 13. d4 Rd8 14. Bg5 Qg6 15. Bxd8 Bh3 16. Nh4 Qg4 17. Qxg4 Bxg4 18. Bxb6 Be7 19. h3 Bxh3 20. gxh3 Bxh4 21. dxe5 dxe5 22. Re1 f6 23. Re4 Bg5 24. h4 Bc1 25. Re2 Bh6 26. Be3 g5 27. hxg5 fxg5 28. Bxg5 Rg8 29. Rxe5+ Kd7 30. f4 Bxg5 31. Rxg5 Rxg5+ 32. fxg5 Ke6 33. b4 Kf5 34. Kh1 Kxg5 35. Na3 h5 36. Rf1 Kg4 37. c4 h4 38. b5 axb5 39. Nxb5 h3 40. a4 Kg3 41. a5 h2 42. Nd6 Kh3 43. Nxb7 Kh4 44. c5 Kg5 45. c6 Kh4 46. c7 Kg3 47. c8=Q Kh4 48. Qg8 Kh3 49. Rf6 Kh4 50. Rh6# 1-0

[Event "CYCC U10"]
[Site "Vancouver CAN"]
[Date "2012.07.05"]
[Round "5"]
[White "Reny, Alex"]
[Black "Madokoro, Aidan"]
[Result "1/2-1/2"]
[WhiteElo "977"]
[BlackElo "788"]
[PlyCount "118"]
[GameId "2160767909508554"]
[EventDate "2012.07.03"]
[EventType "swiss"]
[EventRounds "7"]
[EventCountry "CAN"]
[SourceTitle "EXT 2022"]
[Source "ChessBase"]
[SourceDate "2021.10.06"]
[SourceVersion "1"]
[SourceVersionDate "2021.10.06"]
[SourceQuality "1"]

1. e4 c5 2. Nf3 e6 3. d4 cxd4 4. Nxd4 a6 5. Nc3 Qc7 6. Bd3 b5 7. O-O Bd6 8. Nf3 Nf6 9. h3 Bb7 10. Re1 Nc6 11. Qe2 Ne5 12. Nxe5 Bxe5 13. Bd2 O-O-O 14. Rac1 Rdg8 15. Qe3 Bc6 16. f4 Bxc3 17. Bxc3 d5 18. Be5 Qb7 19. Qc5 Nd7 20. Qd6 Nxe5 21. Qxe5 Qa7+ 22. Kh2 Qc7 23. Qxc7+ Kxc7 24. Re3 g5 25. f5 e5 26. exd5 Bxd5 27. Rxe5 Bb7 28. Re7+ Kb6 29. Rxf7 g4 30. h4 g3+ 31. Kg1 Rg4 32. Rf6+ Ka7 33. Re1 Rxh4 34. Re7 Rh2 35. Bf1 Rh4 36. Rff7 Rb8 37. Rxh7 Rxh7 38. Rxh7 Rc8 39. f6 Rf8 40. f7 Bd5 41. Rg7 Bxf7 42. Rxg3 Bxa2 43. b3 Bb1 44. Bd3 Rc8 45. Rg7+ Kb6 46. b4 Bxc2 47. Bxc2 Rxc2 48. Rf7 Rb2 49. Rf6+ Kb7 50. Rf7+ Kc8 51. Rf8+ Kd7 52. Ra8 Rxb4 53. Rxa6 Kc7 54. Kh2 Rc4 55. Rg6 b4 56. Rf6 b3 57. Rf3 Rg4 58. Rf1 b2 59. Rb1 Kc6 1/2-1/2

[Event "CYCC U10"]
[Site "Vancouver CAN"]
[Date "2012.07.05"]
[Round "5"]
[White "Smyth, Ryan"]
[Black "Fox, Dylan"]
[Result "1-0"]
[WhiteElo "1110"]
[BlackElo "579"]
[PlyCount "67"]
[GameId "2160767909508555"]
[EventDate "2012.07.03"]
[EventType "swiss"]
[EventRounds "7"]
[EventCountry "CAN"]
[SourceTitle "EXT 2022"]
[Source "ChessBase"]
[SourceDate "2021.10.06"]
[SourceVersion "1"]
[SourceVersionDate "2021.10.06"]
[SourceQuality "1"]

1. e4 e5 2. d4 d5 3. Nf3 Nf6 4. Nc3 Nxe4 5. dxe5 Bb4 6. a3 Nxc3 7. Qd2 Ba5 8. bxc3 h6 9. g3 Bg4 10. Bg2 Bxf3 11. Bxf3 Qg5 12. Qxg5 hxg5 13. Bb2 d4 14. O-O O-O 15. Bxb7 dxc3 16. Bc1 Nd7 17. Bxa8 Rxa8 18. Bxg5 Nxe5 19. Bf4 Nf3+ 20. Kg2 Nd4 21. Rac1 Ne2 22. Rcd1 Bb6 23. Be3 Nd4 24. Bxd4 Bxd4 25. Rxd4 Rb8 26. Rh4 f6 27. Re1 Rb2 28. Kf3 Rxc2 29. Re7 Ra2 30. Kf4 c2 31. Rxc7 g5+ 32. Kf5 gxh4 33. Kg6 hxg3 34. Rc8# 1-0

[Event "CYCC U10"]
[Site "Vancouver CAN"]
[Date "2012.07.05"]
[Round "5"]
[White "Thomson, Noah"]
[Black "Rodzik, Cameron"]
[Result "1-0"]
[WhiteElo "622"]
[BlackElo "593"]
[PlyCount "89"]
[GameId "2160767909508556"]
[EventDate "2012.07.03"]
[EventType "swiss"]
[EventRounds "7"]
[EventCountry "CAN"]
[SourceTitle "EXT 2022"]
[Source "ChessBase"]
[SourceDate "2021.10.06"]
[SourceVersion "1"]
[SourceVersionDate "2021.10.06"]
[SourceQuality "1"]

1. e4 e5 2. Nf3 Nf6 3. d3 Nc6 4. Bg5 h6 5. Bxf6 gxf6 6. d4 exd4 7. Nxd4 Nxd4 8. Qxd4 c5 9. Qe3 c4 10. b3 cxb3 11. Qxb3 Bg7 12. Na3 f5 13. Rd1 fxe4 14. Qd5 Bc3+ 15. Ke2 b6 16. Ke3 Qe7 17. Qxa8 Qc5+ 18. Kxe4 Qe5+ 19. Kf3 Qf5+ 20. Ke3 Qe5+ 21. Kd3 Ke7 22. Nb5 Qxb5+ 23. Kxc3 Qc5+ 24. Bc4 b5 25. Rd5 Qxc4+ 26. Kd2 Qb4+ 27. c3 Qb2+ 28. Ke3 Qxc3+ 29. Rd3 Qc5+ 30. Rd4 Qe5+ 31. Re4 d6 32. Rxe5+ dxe5 33. Qxa7+ Bd7 34. Qc5+ Ke8 35. Qxe5+ Be6 36. Qxh8+ Ke7 37. Qxh6 b4 38. Qh4+ Kd7 39. Qxb4 f5 40. Rd1+ Kc6 41. Rd6+ Kc7 42. Rxe6 f4+ 43. Qxf4+ Kd7 44. Qf7+ Kd8 45. Re8# 1-0

[Event "CYCC U10"]
[Site "Vancouver CAN"]
[Date "2012.07.05"]
[Round "5"]
[White "Tolentino, Patrick Angelo"]
[Black "Talukdar, Rohan"]
[Result "1-0"]
[WhiteElo "1112"]
[BlackElo "1254"]
[PlyCount "111"]
[GameId "2160767909508557"]
[EventDate "2012.07.03"]
[EventType "swiss"]
[EventRounds "7"]
[EventCountry "CAN"]
[SourceTitle "EXT 2022"]
[Source "ChessBase"]
[SourceDate "2021.10.06"]
[SourceVersion "1"]
[SourceVersionDate "2021.10.06"]
[SourceQuality "1"]

1. e4 c5 2. Nf3 d6 3. d4 cxd4 4. Nxd4 Nf6 5. Nc3 a6 6. Be2 e5 7. Nb3 Be6 8. Be3 Be7 9. g4 d5 10. exd5 Nxd5 11. Nxd5 Bxd5 12. Rg1 O-O 13. Qd2 Nc6 14. g5 Be4 15. a3 Qc7 16. h4 Rfd8 17. Qc3 Qd7 18. h5 Qf5 19. Bg4 Qxg4 20. Rxg4 Bf3 21. Rg1 Rd5 22. g6 Rad8 23. gxh7+ Kxh7 24. Nd2 Bxh5 25. f3 Bh4+ 26. Ke2 Bf6 27. Ne4 Nd4+ 28. Bxd4 exd4 29. Nxf6+ gxf6 30. Qd3+ Bg6 31. Rh1+ Kg8 32. Qd2 Re8+ 33. Kf2 Re3 34. Rae1 Rde5 35. Qxd4 Rxe1 36. Rxe1 Rxe1 37. Kxe1 Bxc2 38. Qg4+ Kh7 39. Qc8 Ba4 40. Qxb7 a5 41. Qxf7+ Kh6 42. Kf2 Kg5 43. Ke3 Kf5 44. Qh5+ Ke6 45. Ke4 Bc6+ 46. Kd4 Bb5 47. Qd5+ Ke7 48. Kc5 Kf8 49. Qb7 Kg8 50. Kd6 Bc4 51. Qc8+ Kf7 52. Qxc4+ Kg7 53. Ke7 Kh8 54. Qh4+ Kg8 55. Kxf6 Kf8 56. Qh8# 1-0

[Event "CYCC U10"]
[Site "Vancouver CAN"]
[Date "2012.07.05"]
[Round "5"]
[White "Wang, Tim"]
[Black "Gaisinsky, Adam"]
[Result "0-1"]
[WhiteElo "768"]
[BlackElo "904"]
[PlyCount "76"]
[GameId "2160767909508558"]
[EventDate "2012.07.03"]
[EventType "swiss"]
[EventRounds "7"]
[EventCountry "CAN"]
[SourceTitle "EXT 2022"]
[Source "ChessBase"]
[SourceDate "2021.10.06"]
[SourceVersion "1"]
[SourceVersionDate "2021.10.06"]
[SourceQuality "1"]

1. e4 c6 2. Bc4 d5 3. Bb3 dxe4 4. f3 exf3 5. Qxf3 Nf6 6. Nc3 Bg4 7. Qf4 Qd6 8. Qc4 Qe6+ 9. Nge2 Qxc4 10. Bxc4 e6 11. d3 Bc5 12. b3 b5 13. Bb2 bxc4 14. Ne4 Nxe4 15. dxe4 f6 16. Nf4 e5 17. Ne2 O-O 18. h3 Bxe2 19. Kxe2 cxb3 20. cxb3 Na6 21. Rad1 Rad8 22. Rd2 Rxd2+ 23. Kxd2 Rd8+ 24. Kc1 Be3+ 25. Kc2 Nb4+ 26. Kb1 Rd2 27. Bc3 Rxa2 28. Bxb4 Rxg2 29. Re1 Bd4 30. Rd1 Rb2+ 31. Ka1 Rxb3+ 32. Ka2 Rxb4 33. Rxd4 exd4 34. e5 fxe5 35. h4 d3 36. h5 d2 37. h6 d1=Q 38. hxg7 Qa4# 0-1

[Event "CYCC U10"]
[Site "Vancouver CAN"]
[Date "2012.07.05"]
[Round "5"]
[White "Yie, Kevin Yi Xiao"]
[Black "Chen, Philip X"]
[Result "1-0"]
[WhiteElo "1670"]
[BlackElo "1217"]
[PlyCount "51"]
[GameId "2160767909508559"]
[EventDate "2012.07.03"]
[EventType "swiss"]
[EventRounds "7"]
[EventCountry "CAN"]
[SourceTitle "EXT 2022"]
[Source "ChessBase"]
[SourceDate "2021.10.06"]
[SourceVersion "1"]
[SourceVersionDate "2021.10.06"]
[SourceQuality "1"]

1. d4 d5 2. Bf4 Nc6 3. e3 Nf6 4. Bd3 e6 5. c3 Be7 6. h3 b6 7. Nf3 Bb7 8. Nbd2 a6 9. O-O b5 10. Ne5 h6 11. Ndf3 b4 12. Nxc6 Bxc6 13. Ne5 Bb7 14. Qa4+ Nd7 15. cxb4 O-O 16. Nxd7 Re8 17. Ne5 Bd6 18. Qc2 a5 19. bxa5 Rxa5 20. Bh7+ Kf8 21. Bd3 Ra8 22. Bb5 Re7 23. Qh7 Re8 24. Qh8+ Ke7 25. Qxg7 Rf8 26. Ng6# 1-0

[Event "CYCC U10"]
[Site "Vancouver CAN"]
[Date "2012.07.05"]
[Round "6"]
[White "Butchart, Brian"]
[Black "Reny, Alex"]
[Result "1/2-1/2"]
[WhiteElo "649"]
[BlackElo "977"]
[PlyCount "57"]
[GameId "2160767909508560"]
[EventDate "2012.07.03"]
[EventType "swiss"]
[EventRounds "7"]
[EventCountry "CAN"]
[SourceTitle "EXT 2022"]
[Source "ChessBase"]
[SourceDate "2021.10.06"]
[SourceVersion "1"]
[SourceVersionDate "2021.10.06"]
[SourceQuality "1"]

1. d4 d5 2. Bf4 c5 3. e3 e6 4. c4 Nc6 5. Nf3 Nf6 6. Nc3 Be7 7. Qd2 O-O 8. O-O-O Nh5 9. Bg3 Bd7 10. Ne5 Nxe5 11. Bxe5 f6 12. Bg3 Qb6 13. Be2 Nxg3 14. hxg3 Rac8 15. Qc2 h6 16. Qg6 Be8 17. Qg4 Rc6 18. Bd3 cxd4 19. exd4 dxc4 20. Rxh6 f5 21. Rh8+ Kxh8 22. Qh3+ Kg8 23. Rh1 cxd3 24. Qh7+ Kf7 25. Qh5+ Kg8 26. Qh7+ Kf7 27. Qh5+ Kg8 28. Qh7+ Kf7 29. Qh5+ 1/2-1/2